书目信息 |
| 题名: |
基本建设预算
|
|
| 作者: | ;基本建设预算编写组 编 | |
| 分册: | ||
| 出版信息: | 北京 中国财政经济出版社 1984.4 |
|
| 页数: | 382页 | |
| 开本: | 20cm | |
| 丛书名: | ||
| 单 册: | ||
| 中图分类: | F406.9 | |
| 科图分类: | ||
| 主题词: | 工业经济--经济理论 | |
| 电子资源: | ||
| ISBN: | ||
| 000 | 00609nam0 2200205 45 | |
| 001 | 0306191414 | |
| 005 | 20031219104111.3 | |
| 010 | @dCNY1.60 | |
| 091 | @a4166.496 | |
| 100 | @a20030619d1984 km y0chiy0120 ea | |
| 101 | 0 | @achi |
| 105 | @ak z 000yy | |
| 200 | 1 | @a基本建设预算@AJi Ben Jian She Yu Suan@f基本建设预算编写组编@FJi Ben Jian She Yu Suan Bian Xie Zu Bian |
| 210 | @a北京@c中国财政经济出版社@d1984.4 | |
| 215 | @a382页@c插图:表格@d20cm | |
| 606 | 0 | @a工业经济@x经济理论 |
| 690 | @aF406.9@v3 | |
| 711 | 02 | @a基本建设预算编写组@4编 |
| 801 | @aCN@bTSTC@c20030619 | |
| 905 | @b109406@dF406.9@e45@f1 | |
| 基本建设预算/基本建设预算编写组编.-北京:中国财政经济出版社,1984.4 |
| 382页:插图:表格;20cm |
| ISBN :CNY1.60 |
| ● |
| 相关链接 |
|
|
|
|
正题名:基本建设预算
索取号:F406.9/45
 
预约/预借
| 序号 | 登录号 | 条形码 | 馆藏地/架位号 | 状态 | 备注 |
| 1 | 0109404 | 000208581 | 第一借阅区/ [索取号:F406.9/45] | 在馆 | |
| 2 | 0109405 | 000208590 | 第一样本阅览室/ [索取号:F406.9/45] | 在馆 | |
| 3 | 0109406 | 001804550 | 密集书库/ [索取号:F406.9/45] | 在馆 |